000 00411cam a22001697 4500
001 ltf90011645
003 DLC
005 20260227111550.0
008 901108s1949 ne 000 0 dut
010 _altf90011645
040 _aDLC
_cDLC
_dDLC
050 0 0 _a4BX 1485
100 1 _aNauta, Doede,
_d1898-
245 1 4 _aHet Calvinisme in Nederland.
260 _aFraneker,
_bT. Wever,
_c1949.
300 _a115 p.
999 _c37351
_d37351